Manažerské účetnictví a controlling

Salvato in:
Dettagli Bibliografici
Autore principale: Lazar, Jaromír
Natura: Libro
Lingua:ceco
Pubblicazione: Praha GRADA Publishing 2012
Serie:Účetnictví a daně
Soggetti:
Tags: Aggiungi Tag
Nessun Tag, puoi essere il primo ad aggiungerne!!

MARC

LEADER 00000nam a2200000 4500
001 0161000
005 20240313090034.7
020 |a 978-80-247-4133-8 
041 0 |a cze 
044 |a CZ 
245 1 0 |a Manažerské účetnictví a controlling  |c Jaromír Lazar 
264 1 |a Praha  |b GRADA Publishing  |c 2012 
300 |a 271 s. 
490 1 |a Účetnictví a daně 
830 0 |a Účetnictví a daně 
610 2 0 |a účtovníctvo vnútropodnikové 
610 2 0 |a riadenie podnikové 
610 2 0 |a účtovníctvo manažérske 
610 2 0 |a kontroling 
610 2 0 |a náklady 
610 2 0 |a modely podniku 
610 2 0 |a rast podniku 
610 2 0 |a oceňovanie 
610 2 0 |a kalkulácia cenová 
100 1 |a Lazar, Jaromír